| 000 | 00836cam a2200241 a 4500 | ||
|---|---|---|---|
| 001 | 12462169 | ||
| 005 | 20180110090702.0 | ||
| 008 | 010706s2002 njua b 001 0 eng | ||
| 010 | _a 2001036543 | ||
| 020 | _a0130415294 | ||
| 040 |
_aDLC _cDLC _dDLC |
||
| 041 | _aeng | ||
| 080 | _a519..02462 WAL | ||
| 082 | 0 | 0 |
_a519..02462 WAL _221 |
| 100 | _a55 | ||
| 101 | _aSTA | ||
| 245 | 0 | 0 |
_aProbability & statistics for engineers & scientists / _cRonald E. Walpole ... [et al.]. |
| 246 | 3 | _aProbability and statistics for engineers and scientists | |
| 504 | _aIncludes bibliographical references (p. 655-657) and index. | ||
| 906 |
_a7 _bcbc _corignew _d1 _eocip _f20 _gy-gencatlg |
||
| 942 |
_2ddc _cBK |
||
| 999 |
_c40057 _d40057 |
||